| 000 | 00911cam a2200289 a 4500 | ||
|---|---|---|---|
| 001 | 3423613 | ||
| 003 | OSt | ||
| 005 | 20140310182053.0 | ||
| 008 | 900724s1990 nyua 001 0 eng | ||
| 010 | _a 90178196 | ||
| 020 | _a9780062740052 | ||
| 040 |
_aDLC _cDLC _dDLC |
||
| 050 | 0 | 0 |
_aBJ 2101 _b.P58 1990 |
| 082 | 0 | 0 |
_aHS 395.4 _b.P848 1990 |
| 100 | 1 |
_aPost, Elizabeth L. _912143 |
|
| 245 | 1 | 0 |
_aEmily Post on invitations and letters / _cElizabeth L. Post. |
| 250 | _a1st ed. | ||
| 260 |
_aNew York : _bHarper and Row Publishers, _cc1990. |
||
| 300 |
_aix, 148 p. : _bill. ; _c18 cm. |
||
| 500 | _aIncludes index. | ||
| 541 | _j1 | ||
| 650 | 0 |
_aEtiquitte. _xInvitation and Letters. _912246 |
|
| 740 | 0 | _aInvitations and letters. | |
| 906 |
_a7 _bcbc _corignew _d2 _encip _f19 _gy-gencatlg |
||
| 942 |
_2lcc _cHS |
||
| 999 |
_c9041 _d9041 |
||